Normal view
MARC view
- India
Entry Geographic Name
001 - CONTROL NUMBER
- control field: 14389
003 - CONTROL NUMBER IDENTIFIER
- control field: NUST
005 - DATE AND TIME OF LATEST TRANSACTION
- control field: 20190516080932.0
008 - FIXED-LENGTH DATA ELEMENTS
- fixed length control field: 190516|| aca||aabn | a|a d
040 ## - CATALOGING SOURCE
- Original cataloging agency: NUST
- Transcribing agency: NUST
151 ## - HEADING--GEOGRAPHIC NAME
- Geographic name: India
- General subdivision: Religion.
670 ## - SOURCE DATA FOUND
- Source citation: Work cat.: (NUST)0: Macauliffe, Max Arthur, 1842-1913. [from old catalog] 14387, The Sikh religion, its gurus, sacred writings, and authors., 2000.
